[Event "HUN-chT4 Chalupetzky 1718"]
[Site "Hungary"]
[Date "2018.03.11"]
[Round "7.1"]
[White "Vasvari, Attila"]
[Black "Balogh, Akos"]
[Result "0-1"]
[WhiteElo "1565"]
[BlackElo "1714"]
[PlyCount "90"]
[EventDate "2017.10.15"]
[EventType "team-tourn"]
[EventRounds "7"]
[EventCountry "HUN"]
[SourceTitle "EXT 2019"]
[Source "ChessBase"]
[SourceDate "2018.10.10"]
[SourceVersion "1"]
[SourceVersionDate "2018.10.10"]
[SourceQuality "1"]
[WhiteTeam "Gyor Szechenyi II"]
[BlackTeam "Toltestava Tornado"]
[WhiteTeamCountry "HUN"]
[BlackTeamCountry "HUN"]

1. e4 b6 2. d4 Bb7 3. Nc3 e6 4. a3 Nf6 5. f3 c5 6. d5 exd5 7. exd5 Qe7+ 8. Be2 Qe5 9. f4 Qe7 10. Nf3 Na6 11. 0-0 0-0-0 12. Ne5 Nc7 13. d6 Qxd6 14. Qxd6 Bxd6 15. Nxf7 Be7 16. Nxh8 Rxh8 17. Bf3 d5 18. g4 d4 19. Bxb7+ Kxb7 20. g5 dxc3 21. gxf6 Bxf6 22. b4 Bd4+ 23. Kg2 Re8 24. Ra2 Re2+ 25. Kg3 Nd5 26. Rf3 Re1 27. Ra1 Be3 28. Bxe3 Rxa1 29. bxc5 Rxa3 30. cxb6 axb6 31. Bd4 g6 32. f5 gxf5 33. Rxf5 Kc6 34. Rh5 Ra2 35. Rh6+ Kb5 36. Rd6 Kc4 37. Bxb6 Rxc2 38. Rc6+ Kb5 39. Rc5+ Kxb6 40. Rxd5 Rd2 41. Rf5 c2 42. Rf6+ Kb5 43. Rf5+ Kb4 44. Rf7 c1Q 45. Rb7+ Ka5 0-1

[Event "HUN-chT4 1718"]
[Site "Hungary"]
[Date "2018.02.17"]
[Round "6.7"]
[White "Balogh, Akos"]
[Black "Konyha, Laszlo"]
[Result "1-0"]
[WhiteElo "1737"]
[BlackElo "1372"]
[PlyCount "73"]
[EventDate "2017.10.28"]
[EventType "team-tourn"]
[EventRounds "9"]
[EventCountry "HUN"]
[SourceTitle "EXT 2020"]
[Source "ChessBase"]
[SourceDate "2019.10.17"]
[SourceVersion "1"]
[SourceVersionDate "2019.10.17"]
[SourceQuality "1"]

1. d4 d5 2. Nf3 Nf6 3. h3 Bf5 4. Nh4 Bd7 5. g3 e6 6. Bg2 c5 7. e3 Be7 8. Nf3 Nc6 9. Nbd2 cxd4 10. exd4 Qc7 11. c3 Bd6 12. 0-0 0-0 13. Nb3 Ne4 14. Be3 f5 15. Ng5 Nxg5 16. Bxg5 h6 17. Be3 f4 18. gxf4 Bxf4 19. Nc5 Bd6 20. Nxd7 Qxd7 21. Qg4 Rf6 22. Bxd5 Bh2+ 23. Kxh2 Qxd5 24. Rg1 g5 25. Rg3 Kh7 26. Rag1 Raf8 27. h4 Rg8 28. hxg5 Rfg6 29. Rf3 Rxg5 30. Bxg5 Rxg5 31. Qf4 Rh5+ 32. Rh3 Rxh3+ 33. Kxh3 Qd7 34. Qe4+ Kh8 35. Qg6 e5+ 36. Kh2 Qh7 37. Qe8+ 1-0

[Event "HUN-chT2 Barcza 1718"]
[Site "Hungary"]
[Date "2018.01.28"]
[Round "7.5"]
[White "Balogh, Akos"]
[Black "Szabo, Istvan1111"]
[Result "1/2-1/2"]
[WhiteElo "1978"]
[BlackElo "1887"]
[PlyCount "45"]
[EventDate "2017.09.24"]
[EventType "team-tourn"]
[EventRounds "11"]
[EventCountry "HUN"]
[SourceTitle "EXT 2021"]
[Source "ChessBase"]
[SourceDate "2020.10.23"]
[SourceVersion "1"]
[SourceVersionDate "2020.10.23"]
[SourceQuality "1"]
[WhiteTeam "Debrecen Sakkiskola II"]
[BlackTeam "Hajduszoboszlo"]
[WhiteTeamCountry "HUN"]
[BlackTeamCountry "HUN"]

1. d4 Nf6 2. c4 e6 3. Nf3 b6 4. a3 Bb7 5. Nc3 Be7 6. Bg5 Ne4 7. Bxe7 Nxc3 8. Bxd8 Nxd1 9. Rxd1 Kxd8 10. Ne5 Ke7 11. d5 d6 12. Nf3 e5 13. g3 a5 14. Bh3 Na6 15. 0-0 Raf8 16. Rb1 a4 17. e4 Nc5 18. Nd2 Bc8 19. Bxc8 Rxc8 20. f4 f6 21. Rf3 Rcf8 22. Re1 g5 23. fxe5 1/2-1/2

[Event "HUN-chT4 1617"]
[Site "Hungary"]
[Date "2017.03.19"]
[Round "6.4"]
[White "Horvath, Tibor"]
[Black "Balogh, Akos"]
[Result "1/2-1/2"]
[WhiteElo "1753"]
[BlackElo "1608"]
[PlyCount "40"]
[EventDate "2016.10.02"]
[EventType "team-tourn"]
[EventRounds "7"]
[EventCountry "HUN"]
[SourceTitle "EXT 2019"]
[Source "ChessBase"]
[SourceDate "2018.10.10"]
[SourceVersion "1"]
[SourceVersionDate "2018.10.10"]
[SourceQuality "1"]

1. d4 d5 2. e4 e6 3. Nc3 dxe4 4. Nxe4 Nf6 5. Bd3 Nbd7 6. Nf3 Nxe4 7. Bxe4 Nf6 8. Bg5 Be7 9. Bxf6 Bxf6 10. Qd3 g6 11. 0-0-0 c6 12. h4 Bd7 13. h5 Qe7 14. hxg6 hxg6 15. Rxh8+ Bxh8 16. Ne5 0-0-0 17. g3 Be8 18. Qb3 Bxe5 19. dxe5 Rxd1+ 20. Kxd1 Qc5 1/2-1/2

[Event "HUN-ch U16"]
[Site "Balatonlelle"]
[Date "2016.06.24"]
[Round "1"]
[White "Papp, Levente"]
[Black "Balogh, Akos"]
[Result "1-0"]
[WhiteElo "2073"]
[BlackElo "1685"]
[PlyCount "79"]
[EventDate "2016.06.24"]
[EventType "swiss"]
[EventRounds "9"]
[EventCountry "HUN"]
[SourceTitle "CBM 173 Extra"]
[Source "ChessBase"]
[SourceDate "2016.08.29"]
[SourceVersion "1"]
[SourceVersionDate "2016.08.29"]
[SourceQuality "1"]

1. c4 e6 2. g3 f5 3. Bg2 Nf6 4. d4 d5 5. Bg5 c6 6. Nd2 Bd6 7. e3 Nbd7 8. f4 0-0 9. Ngf3 Be7 10. 0-0 Ng4 11. Bxe7 Qxe7 12. Qe2 b6 13. Ne5 Ndxe5 14. fxe5 Qg5 15. Rf4 Ba6 16. b4 Rac8 17. b5 Bb7 18. bxc6 Bxc6 19. cxd5 Bxd5 20. e4 Bc6 21. exf5 exf5 22. Bxc6 Rxc6 23. Raf1 Rc2 24. Qd3 Qh6 25. h4 g5 26. Rxg4 fxg4 27. Rxf8+ Qxf8 28. Qxc2 gxh4 29. Qe4 hxg3 30. Qxg4+ Kh8 31. Qxg3 Qb4 32. Qf4 a5 33. e6 Qe7 34. Qe5+ Kg8 35. Ne4 h6 36. d5 Qb4 37. Nf6+ Kf8 38. Nd7+ Ke7 39. Qf6+ Ke8 40. Qh8+ 1-0

[Event "HUN-ch U14"]
[Site "Balatonlelle"]
[Date "2015.06.22"]
[Round "6"]
[White "Balogh, Akos"]
[Black "Birovecz, Ben Jordan"]
[Result "0-1"]
[WhiteElo "1568"]
[BlackElo "1470"]
[PlyCount "34"]
[EventDate "2015.06.18"]
[EventType "swiss"]
[EventRounds "9"]
[EventCountry "HUN"]
[SourceTitle "CBM 167 Extra"]
[Source "ChessBase"]
[SourceDate "2015.09.14"]
[SourceVersion "1"]
[SourceVersionDate "2015.09.14"]
[SourceQuality "1"]

1. d4 d5 2. c4 e6 3. Nf3 c5 4. e3 Nc6 5. Nc3 Nf6 6. Bd3 Bd6 7. 0-0 0-0 8. Qc2 h6 9. cxd5 exd5 10. dxc5 Bxc5 11. Rd1 Bb6 12. Bc4 Be6 13. e4 d4 14. Bxe6 fxe6 15. Ne2 e5 16. Nh4 Kh7 17. f4 d3+ 0-1

[Event "HUN-ch U14"]
[Site "Balatonlelle"]
[Date "2015.06.21"]
[Round "5"]
[White "Tubak, Daniel"]
[Black "Balogh, Akos"]
[Result "1-0"]
[WhiteElo "2032"]
[BlackElo "1568"]
[PlyCount "73"]
[EventDate "2015.06.18"]
[EventType "swiss"]
[EventRounds "9"]
[EventCountry "HUN"]
[SourceTitle "CBM 167 Extra"]
[Source "ChessBase"]
[SourceDate "2015.09.14"]
[SourceVersion "1"]
[SourceVersionDate "2015.09.14"]
[SourceQuality "1"]

1. e4 c5 2. Nf3 e6 3. d4 cxd4 4. Nxd4 a6 5. Nc3 Qc7 6. Bd3 Bb4 7. Bd2 Nf6 8. 0-0 Be7 9. Be3 Nc6 10. Nb3 b5 11. f4 d6 12. a3 Bb7 13. Qe1 0-0 14. Qg3 Rfd8 15. Rad1 Rac8 16. f5 d5 17. Qxc7 Rxc7 18. Bb6 dxe4 19. Bxc7 Rd7 20. fxe6 fxe6 21. Nxe4 Nxe4 22. Bxe4 Rxc7 23. Rd2 Bf6 24. c3 Na5 25. Nxa5 Bxe4 26. Nb3 Bd5 27. Nd4 Rd7 28. Nc2 a5 29. Rdd1 Rb7 30. Ne3 Bb3 31. Rd6 Rb8 32. Ng4 Rf8 33. Nxf6+ Rxf6 34. Rxf6 gxf6 35. Rd7 e5 36. Kf2 Bc2 37. Rd5 1-0